Gaming Quiz

Random Gaming Quiz

Guns in Call of Duty 4 Quiz Stats

 Plays Quiz not verified by Sporcle

Support Sporcle.
Go Orange.
Score 0/23 Timer 10:00
0 Plays Today
% Correct
M4
89.2%
M16
81.5%
AK 47
76.9%
P90
69.2%
MP5
67.7%
Mini Uzi
66.2%
G3
63.1%
M14
60%
Barrett
58.5%
Desert Eagle
53.8%
G36c
50.8%
AK 74u
49.2%
% Correct
M21
49.2%
SAW
46.2%
Dragunov
44.6%
R700
44.6%
RPD
41.5%
M60
38.5%
M40
38.5%
MP44
35.4%
Skorpion
35.4%
USP
27.7%
Colt 45
6.2%

You're not logged in!

Compare scores with friends on all Sporcle quizzes.
OR
Log In

From the Vault

Connect 4: Common Bonds (A-Z) II

by Purple_Parrot

Connect Four - it's not just for people anymore.
Remove Ads.
Support Sporcle.
Get the best of Sporcle when you Go Orange. This ad-free experience offers more features, more stats, and more fun while also helping to support Sporcle. Thank you for becoming a member.

Show Comments

Extras

Top Quizzes Today


Score Distribution

Your Account Isn't Verified!

In order to create a playlist on Sporcle, you need to verify the email address you used during registration. Go to your Sporcle Settings to finish the process.

Report this User

Report this user for behavior that violates our Community Guidelines.

Details: